[Event "Estival"]
[Site "Montreal CAN"]
[Date "1982.06.27"]
[Round "4"]
[White "Veltmann, Martin"]
[Black "Gilbert, Erick"]
[Result "1/2-1/2"]
[WhiteElo "1857"]
[BlackElo "1812"]
[PlyCount "89"]
[GameId "2160767912848449"]
[EventDate "1982.06.26"]
[EventType "swiss"]
[EventRounds "4"]
[EventCountry "CAN"]
[SourceTitle "mv"]

1. e4 e6 2. d4 d5 3. Nd2 c5 4. exd5 exd5 5. Ngf3 Bd6 6. dxc5 Bxc5 7. Nb3 Bb6 8. Be2 Ne7 9. O-O O-O 10. c3 Nbc6 11. Bg5 Bg4 12. Bh4 Qd7 13. Nbd4 Nxd4 14. Nxd4 Bxe2 15. Nxe2 Nf5 16. Bg3 Rfe8 17. Qd3 Rad8 18. Rad1 Qc8 19. b3 Nxg3 20. Nxg3 Qg4 21. Rfe1 Re6 22. Rxe6 fxe6 23. Qe2 Qg6 24. Qe5 Rf8 25. Rf1 h6 26. c4 dxc4 27. bxc4 Rf7 28. c5 Bc7 29. Qe4 Qxe4 30. Nxe4 Rd7 31. g3 Be5 32. Kg2 Rd3 33. Rb1 Rd7 34. f4 Bd4 35. Kf3 Kf8 36. a4 Rc7 37. Rb4 Bxc5 38. Nxc5 Rxc5 39. Rxb7 Ra5 40. Rb4 Kf7 41. Ke4 Kf6 42. Kd4 h5 43. Ke4 g6 44. h3 e5 45. Rc4 1/2-1/2

[Event "Geza Fuster Cup"]
[Site "Toronto CAN"]
[Date "1982.12.01"]
[Round "?"]
[White "Morrison, Robert"]
[Black "Lavin, David"]
[Result "1-0"]
[WhiteElo "2351"]
[BlackElo "2217"]
[PlyCount "59"]
[GameId "2160767912811175"]
[EventDate "1982.12.01"]
[EventType "tourn"]
[EventRounds "9"]
[EventCountry "CAN"]
[SourceTitle "CFC 1983.01"]

1. e4 c5 2. Nf3 d6 3. d4 cxd4 4. Nxd4 Nf6 5. Nc3 Nc6 6. Bg5 e6 7. Qd2 Be7 8. O-O-O O-O 9. f4 h6 10. Bh4 Bd7 11. Nf3 Qa5 12. Bc4 Rfd8 13. Bb3 b5 14. Rhe1 Qc7 15. Nxb5 Qb6 16. Bxf6 Bxf6 17. Nxd6 a5 18. a4 Rab8 19. e5 Be7 20. Qe3 Qc7 21. Nd4 Na7 22. Qc3 Bxd6 23. exd6 Qxc3 24. bxc3 Nc8 25. c4 Nxd6 26. c5 Nf5 27. Nxf5 exf5 28. Rd5 Be6 29. Rxd8+ Rxd8 30. Rxe6 1-0

[Event "Geza Fuster Cup"]
[Site "Toronto CAN"]
[Date "1982.12.01"]
[Round "?"]
[White "Murray, Peter"]
[Black "Lavin, David"]
[Result "0-1"]
[WhiteElo "2192"]
[BlackElo "2217"]
[PlyCount "66"]
[GameId "2160767912811176"]
[EventDate "1982.12.01"]
[EventType "tourn"]
[EventRounds "9"]
[EventCountry "CAN"]
[SourceTitle "CFC 1983.01"]

1. d4 d5 2. c4 dxc4 3. Nf3 Nf6 4. e3 e6 5. Bxc4 c5 6. O-O a6 7. a4 Nc6 8. Nc3 Be7 9. Qe2 cxd4 10. Rd1 O-O 11. exd4 Nd5 12. Bd3 Ncb4 13. Bb1 b6 14. Ne5 Bb7 15. Qh5 f5 16. Qe2 Bg5 17. Nd3 Bxc1 18. Nxc1 Nf4 19. Qe5 Nxg2 20. d5 Nh4 21. Qxe6+ Kh8 22. Qe3 Re8 23. Qg3 Nxd5 24. Ba2 Nxc3 25. Rxd8 Raxd8 26. f4 Nf3+ 27. Kg2 Rd2+ 28. Kh3 Nxa2 29. Rxa2 Re6 30. Qxf3 Bxf3 31. Ra3 Rh6+ 32. Kg3 Rdxh2 33. Kxf3 R6h3# 0-1

[Event "Hiver/Winter op"]
[Site "Montreal CAN"]
[Date "1982.02.19"]
[Round "1"]
[White "Michaud, Gerald"]
[Black "Bolduc, Steve"]
[Result "0-1"]
[WhiteElo "1757"]
[BlackElo "2043"]
[PlyCount "118"]
[GameId "2160767912848690"]
[EventDate "1982.02.19"]
[EventType "swiss"]
[EventRounds "5"]
[EventCountry "CAN"]
[SourceTitle "hb 2011"]

1. e4 c6 2. d4 d5 3. Nc3 dxe4 4. Nxe4 Nd7 5. Nf3 Ngf6 6. Bd3 Nxe4 7. Bxe4 Nf6 8. Bd3 Bg4 9. h3 Bxf3 10. Qxf3 Qxd4 11. O-O e6 12. Be3 Qd5 13. Qe2 Be7 14. Rfd1 Qh5 15. Qxh5 Nxh5 16. Be2 Nf6 17. c4 O-O 18. Rd3 Rfd8 19. Rad1 Kf8 20. Bf3 e5 21. Rb3 Rxd1+ 22. Bxd1 b6 23. a4 Nd7 24. Bf3 Rc8 25. a5 Nc5 26. Bxc5 Bxc5 27. axb6 axb6 28. Rd3 Ke7 29. Be4 g6 30. g4 f6 31. Kf1 Ke6 32. Rf3 Bb4 33. Rb3 Ba5 34. Rf3 Bd2 35. Rb3 f5 36. Bg2 Ba5 37. Ke2 e4 38. f3 Rd8 39. fxe4 Rd2+ 40. Kf1 fxg4 41. hxg4 Rc2 42. Rh3 Rxc4 43. Rxh7 Rc2 44. Rc7 b5 45. Rc8 Bb6 46. Rf8 Bc5 47. Rf3 Rxb2 48. Bh3 g5 49. Rf5 Be3 50. Ke1 Rc2 51. Bf1 b4 52. Rf8 Ke5 53. Re8+ Kd4 54. Rd8+ Ke5 55. Re8+ Kf4 56. e5 Bc5 57. e6 Ke3 58. Kd1 b3 59. e7 Ba3 0-1

[Event "Hiver/Winter op"]
[Site "Montreal CAN"]
[Date "1982.02.19"]
[Round "1"]
[White "Pichette, Mickaelin"]
[Black "Morin, Louis"]
[Result "1-0"]
[WhiteElo "1789"]
[BlackElo "1925"]
[PlyCount "45"]
[GameId "2160767912848691"]
[EventDate "1982.02.19"]
[EventType "swiss"]
[EventRounds "5"]
[EventCountry "CAN"]
[SourceTitle "hb 2013"]

1. e4 e5 2. Nf3 d6 3. Nc3 c5 4. Bc4 Be6 5. Nd5 Nf6 6. O-O Nxe4 7. d3 Nf6 8. Bg5 Be7 9. Bxf6 Bxf6 10. Nd2 O-O 11. Ne4 Be7 12. Qh5 Nd7 13. f4 Nf6 14. Ndxf6+ Bxf6 15. f5 Bxc4 16. dxc4 g6 17. Qh3 Qe7 18. Rad1 Rad8 19. Rd3 b5 20. Rdf3 gxf5 21. Qxf5 Bh8 22. Rg3+ Bg7 23. Nf6+ 1-0

[Event "Hiver/Winter op"]
[Site "Montreal CAN"]
[Date "1982.02.19"]
[Round "1"]
[White "Veltmann, Martin"]
[Black "Jay, Barry"]
[Result "1-0"]
[WhiteElo "1847"]
[BlackElo "1724"]
[PlyCount "87"]
[GameId "2160767912848692"]
[EventDate "1982.02.19"]
[EventType "swiss"]
[EventRounds "5"]
[EventCountry "CAN"]

1. e4 Nf6 2. Nc3 e5 3. Nf3 Bb4 4. Bc4 Nc6 5. O-O O-O 6. d3 Bxc3 7. bxc3 d5 8. exd5 Nxd5 9. Bd2 Qd6 10. Ng5 Nce7 11. Qh5 Bf5 12. Rae1 Bg6 13. Qe2 h6 14. Nf3 f6 15. Nh4 Bh7 16. f4 Nc6 17. f5 Kh8 18. Qh5 Nf4 19. Qg4 Rae8 20. g3 h5 21. Qf3 g5 22. fxg6 Nxg6 23. Nxg6+ Bxg6 24. Bh6 e4 25. Bxf8 Rxf8 26. Qf4 Qc5+ 27. Qe3 Qxe3+ 28. Rxe3 exd3 29. Bxd3 Be8 30. h4 Kg7 31. Bb5 a6 32. Bxc6 Bxc6 33. Re7+ Rf7 34. Rxf7+ Kxf7 35. Re1 f5 36. Kf2 Bd5 37. a3 Be4 38. Rxe4 fxe4 39. Ke3 Kf6 40. Kxe4 Ke6 41. Kf4 Kf6 42. g4 hxg4 43. Kxg4 b5 44. Kf4 1-0

[Event "Hiver/Winter op"]
[Site "Montreal CAN"]
[Date "1982.02.20"]
[Round "2"]
[White "Balla, Thomas"]
[Black "Morin, Louis"]
[Result "0-1"]
[WhiteElo "1477"]
[BlackElo "1925"]
[PlyCount "84"]
[GameId "2160767912848693"]
[EventDate "1982.02.19"]
[EventType "swiss"]
[EventRounds "5"]
[EventCountry "CAN"]
[SourceTitle "hb 2013"]

1. d4 Nf6 2. Nf3 e6 3. Bf4 d5 4. e3 c5 5. c3 Nc6 6. Bd3 b6 7. Bb5 Bd7 8. Ba6 Nh5 9. O-O Nxf4 10. exf4 Qb8 11. Ne5 Nxe5 12. fxe5 b5 13. a4 bxa4 14. Rxa4 Qxb2 15. Ra5 cxd4 16. Qxd4 Qb6 17. Qxb6 axb6 18. Ra2 Bc5 19. Nd2 O-O 20. Nb3 Ra7 21. Rfa1 Rfa8 22. Bb7 Bxf2+ 23. Kh1 Rxa2 24. Bxa8 Rxa1+ 25. Nxa1 Ba4 26. c4 Bd4 27. cxd5 exd5 28. Bxd5 Bxa1 29. e6 fxe6 30. Bxe6+ Kf8 31. Kg1 Ke7 32. Bf5 g6 33. Bb1 Bb5 34. h4 Bd4+ 35. Kh2 Be2 36. Kg3 Be3 37. Ba2 b5 38. Bg8 b4 39. Bb3 Kf6 40. Kh3 Ke5 41. Bg8 h6 42. Bb3 Kd4 0-1

[Event "Hiver/Winter op"]
[Site "Montreal CAN"]
[Date "1982.02.20"]
[Round "2"]
[White "Bolduc, Steve"]
[Black "Cuerrier, Alain"]
[Result "1-0"]
[WhiteElo "2043"]
[BlackElo "1788"]
[PlyCount "45"]
[GameId "2160767912848694"]
[EventDate "1982.02.19"]
[EventType "swiss"]
[EventRounds "5"]
[EventCountry "CAN"]
[SourceTitle "hb 2011"]

1. c4 Nf6 2. d4 e6 3. Nc3 d5 4. Nf3 c5 5. cxd5 cxd4 6. Nxd4 Nxd5 7. Bd2 Bc5 8. Nb3 Bb4 9. Nxd5 Bxd2+ 10. Qxd2 Qxd5 11. Qxd5 exd5 12. Rc1 Nc6 13. e3 Ke7 14. Bb5 Kd6 15. Nc5 Re8 16. O-O Rb8 17. Rfd1 a6 18. Nxa6 bxa6 19. Rxc6+ Ke7 20. Rc7+ Kd6 21. Bxe8 Kxc7 22. Bxf7 Rxb2 23. Bxd5 1-0

[Event "Hiver/Winter op"]
[Site "Montreal CAN"]
[Date "1982.02.20"]
[Round "3"]
[White "Douville, Michel"]
[Black "Saindon, Daniel"]
[Result "1-0"]
[WhiteElo "1324"]
[BlackElo "1560"]
[PlyCount "77"]
[GameId "2160767912848696"]
[EventDate "1982.02.19"]
[EventType "swiss"]
[EventRounds "5"]
[EventCountry "CAN"]
[SourceTitle "FQE 06"]

1. e4 c5 2. Nc3 Nc6 3. d3 Nf6 4. g3 g6 5. Bg2 Bg7 6. f4 d6 7. Nf3 e6 8. O-O O-O 9. Be3 Ng4 10. Bd2 Nd4 11. h3 Nxf3+ 12. Bxf3 Bd4+ 13. Kg2 Ne3+ 14. Bxe3 Bxe3 15. Qe1 Bd4 16. Rb1 Rb8 17. Ne2 Bg7 18. g4 h6 19. Qg3 Bf6 20. e5 Bh4 21. Qh2 d5 22. Kh1 b5 23. Rg1 Qa5 24. Ng3 Qxa2 25. Nh5 Kh8 26. f5 gxh5 27. gxh5 Rg8 28. Rxg8+ Kxg8 29. Rg1+ Kf8 30. Qg2 Bg5 31. h4 Be3 32. Qg8+ Ke7 33. f6+ Kd7 34. Qxf7+ Kc6 35. Qe8+ Kc7 36. Qe7+ Bd7 37. Qd6+ Kc8 38. Rg8+ Kb7 39. Rxb8# 1-0

[Event "Hiver/Winter op"]
[Site "Montreal CAN"]
[Date "1982.02.20"]
[Round "3"]
[White "Morin, Louis"]
[Black "Michaud, Gerald"]
[Result "0-1"]
[WhiteElo "1925"]
[BlackElo "1757"]
[PlyCount "62"]
[GameId "2160767912848698"]
[EventDate "1982.02.19"]
[EventType "swiss"]
[EventRounds "5"]
[EventCountry "CAN"]
[SourceTitle "hb 2013"]

1. e4 e6 2. d4 d5 3. e5 c5 4. c3 Nc6 5. Nf3 Qb6 6. Be2 Nge7 7. dxc5 Qxc5 8. Be3 Qa5 9. O-O Ng6 10. Bd4 Qc7 11. Bb5 Bd7 12. Bxc6 bxc6 13. Re1 c5 14. Be3 Be7 15. Nbd2 Rb8 16. Qc2 O-O 17. Bg5 Bc6 18. Bxe7 Qxe7 19. b3 f6 20. Qd3 Nf4 21. Qe3 fxe5 22. Nxe5 Ba8 23. Ndf3 Rf5 24. Rab1 Rbf8 25. b4 d4 26. cxd4 cxd4 27. Nxd4 Rg5 28. Nef3 Rxg2+ 29. Kh1 Qf7 30. h4 Rg4 31. Kh2 Qh5 0-1

[Event "Hiver/Winter op"]
[Site "Montreal CAN"]
[Date "1982.02.20"]
[Round "3"]
[White "Richard, Daniel"]
[Black "Bolduc, Steve"]
[Result "0-1"]
[WhiteElo "1884"]
[BlackElo "2043"]
[PlyCount "52"]
[GameId "2160767912848699"]
[EventDate "1982.02.19"]
[EventType "swiss"]
[EventRounds "5"]
[EventCountry "CAN"]
[SourceTitle "hb 2011"]

1. e4 c6 2. Nc3 d5 3. Nf3 Bg4 4. h3 Bxf3 5. Qxf3 Nf6 6. g3 e6 7. Bg2 Bb4 8. exd5 cxd5 9. a3 Be7 10. d3 Nc6 11. Bf4 Qb6 12. b3 Rc8 13. Bd2 O-O 14. O-O Nd4 15. Qd1 Qc7 16. Ra2 Nd7 17. Bxd5 exd5 18. Nxd5 Qe5 19. Nxe7+ Qxe7 20. Bb4 Nc5 21. Re1 Qg5 22. c3 Nc6 23. d4 Nxb4 24. axb4 Ne6 25. Re5 Qg6 26. Qe1 Ng5 0-1

[Event "Hiver/Winter op"]
[Site "Montreal CAN"]
[Date "1982.02.21"]
[Round "4"]
[White "Alvarez, Jose Luis"]
[Black "Veltmann, Martin"]
[Result "1-0"]
[WhiteElo "1867"]
[BlackElo "1917"]
[PlyCount "65"]
[GameId "2160767739448110"]
[EventDate "1982.02.19"]
[EventType "swiss"]
[EventRounds "5"]
[EventCountry "CAN"]

1. d4 Nf6 2. c4 g6 3. Nc3 Bg7 4. e4 O-O 5. f3 d6 6. Be3 Nc6 7. Qd2 Re8 8. O-O-O a6 9. Kb1 Rb8 10. h3 e5 11. d5 Nd4 12. Nge2 c5 13. dxc6 bxc6 14. Bxd4 exd4 15. Nxd4 Qb6 16. Nb3 d5 17. exd5 cxd5 18. cxd5 Bf5+ 19. Bd3 Bxd3+ 20. Qxd3 Nd7 21. Rhe1 Rec8 22. Na4 Qf6 23. Rc1 Rxc1+ 24. Rxc1 Nb6 25. Nc3 Rd8 26. Rc2 a5 27. Nc5 h5 28. Nb7 Re8 29. Re2 Rb8 30. Nc5 Qd6 31. N5e4 Qb4 32. Qb5 Nd7 33. Qxd7 {...} 1-0

[Event "Hiver/Winter op"]
[Site "Montreal CAN"]
[Date "1982.02.21"]
[Round "4"]
[White "Bolduc, Steve"]
[Black "Leimanis, Eriks"]
[Result "0-1"]
[WhiteElo "2043"]
[BlackElo "2001"]
[PlyCount "136"]
[GameId "2160767912848700"]
[EventDate "1982.02.19"]
[EventType "swiss"]
[EventRounds "5"]
[EventCountry "CAN"]
[SourceTitle "FQE 06"]

1. d4 Nf6 2. c4 d5 3. Nc3 e6 4. Nf3 Be7 5. Bg5 O-O 6. e3 Nbd7 7. Rc1 Re8 8. Bd3 c6 9. O-O Nf8 10. a3 Ng6 11. b4 dxc4 12. Bxc4 a5 13. Qb3 axb4 14. axb4 Nd5 15. Bxe7 Qxe7 16. b5 Ra3 17. Qb2 Bd7 18. Ne4 Rea8 19. Nc5 Be8 20. Rb1 cxb5 21. Bxd5 exd5 22. Rfd1 Ra2 23. Qb3 Bc6 24. Rb2 R2a3 25. Qc2 Nf8 26. Ne5 Be8 27. Qf5 b6 28. Nb3 f6 29. Nd3 Qd6 30. Nf4 Bf7 31. h4 g6 32. Qg4 Ne6 33. Rc1 Nxf4 34. Qxf4 Qxf4 35. exf4 Ra2 36. Rbb1 Be8 37. Rc7 R2a7 38. Rbc1 Rxc7 39. Rxc7 Ra3 40. Nd2 Rd3 41. Nf1 b4 42. Ne3 Rxd4 43. Rc2 b3 44. Rb2 Ba4 45. Kf1 Bb5+ 46. Ke1 Bc4 47. g3 Rd3 48. Nf1 Rc3 49. Ne3 b5 50. Kd2 b4 51. Nd1 Rd3+ 52. Kc1 Kf7 53. Rd2 Ke6 54. Rxd3 Bxd3 55. Kd2 Be4 56. Ke3 Kd6 57. Kd4 Bf3 58. Nb2 Be2 59. Na4 Kc6 60. Nb2 Bf3 61. Na4 Kb5 62. Nb2 Be4 63. g4 h5 64. g5 fxg5 65. fxg5 Kc6 66. f4 Kd6 67. Na4 Ke6 68. Ke3 Kf5 0-1

[Event "Hiver/Winter op"]
[Site "Montreal CAN"]
[Date "1982.02.21"]
[Round "4"]
[White "Morin, Louis"]
[Black "Maurer, Serge"]
[Result "1-0"]
[WhiteElo "1925"]
[BlackElo "1605"]
[PlyCount "85"]
[GameId "2160767912848701"]
[EventDate "1982.02.19"]
[EventType "swiss"]
[EventRounds "5"]
[EventCountry "CAN"]
[SourceTitle "hb 2013"]

1. e4 c6 2. d4 d5 3. Nc3 dxe4 4. Nxe4 Bf5 5. Ng3 Bg6 6. h4 h6 7. Nf3 Nd7 8. h5 Bh7 9. Bd3 Bxd3 10. Qxd3 Qc7 11. Rh4 e6 12. Bf4 Bd6 13. Bxd6 Qxd6 14. Ne4 Qe7 15. Qa3 Qxa3 16. bxa3 Ke7 17. Nc5 Nxc5 18. dxc5 Nf6 19. Rb1 Rab8 20. Rhb4 b5 21. cxb6 Rxb6 22. Rxb6 axb6 23. Ne5 Nxh5 24. Rxb6 Ra8 25. Nxc6+ Kd6 26. Nb4+ Ke7 27. Ra6 Rxa6 28. Nxa6 Kd6 29. Kd2 Nf4 30. g3 Nd5 31. c4 Nf6 32. f3 Nh5 33. g4 Nf4 34. a4 e5 35. a5 Ne6 36. Kc3 Nd4 37. c5+ Kd7 38. Kc4 Nxf3 39. Kd5 f5 40. c6+ Kc8 41. gxf5 h5 42. Nc5 h4 43. a6 1-0

[Event "Hiver/Winter op"]
[Site "Montreal CAN"]
[Date "1982.02.21"]
[Round "5"]
[White "Johnston, Murray"]
[Black "Bolduc, Steve"]
[Result "1/2-1/2"]
[WhiteElo "1834"]
[BlackElo "2043"]
[PlyCount "85"]
[GameId "2160767912848703"]
[EventDate "1982.02.19"]
[EventType "swiss"]
[EventRounds "5"]
[EventCountry "CAN"]
[SourceTitle "hb 2011"]

1. g3 d5 2. Bg2 Nf6 3. f4 g6 4. Nf3 Bg7 5. O-O O-O 6. d3 c5 7. c3 Nc6 8. a4 a6 9. Kh1 Rb8 10. Be3 d4 11. Bg1 Qb6 12. Qd2 Na5 13. Ra3 Rd8 14. b4 cxb4 15. cxb4 Nc6 16. b5 axb5 17. axb5 Qxb5 18. Ne5 Be6 19. Nxc6 bxc6 20. Ra5 Qb6 21. Na3 Ra8 22. Rxa8 Rxa8 23. Nc4 Bxc4 24. dxc4 Ng4 25. Rc1 Qc5 26. Bf3 Ne3 27. Bxe3 dxe3 28. Qd7 Bb2 29. Rb1 Qxc4 30. Qxc6 Qxc6 31. Bxc6 Ra1 32. Be4 f5 33. Rxa1 Bxa1 34. Bd3 Kf7 35. Kg2 Kf6 36. Kf3 Bd4 37. h3 g5 38. fxg5+ Kxg5 39. g4 e6 40. h4+ Kf6 41. gxf5 exf5 42. Kf4 h5 43. Bxf5 1/2-1/2

[Event "Hiver/Winter op"]
[Site "Montreal CAN"]
[Date "1982.02.21"]
[Round "5"]
[White "Julien, Bradley"]
[Black "Veltmann, Martin"]
[Result "0-1"]
[WhiteElo "1635"]
[BlackElo "1947"]
[PlyCount "58"]
[GameId "2160767912848704"]
[EventDate "1982.02.19"]
[EventType "swiss"]
[EventRounds "5"]
[EventCountry "CAN"]

1. e4 c5 2. Nf3 d6 3. d4 cxd4 4. Nxd4 Nf6 5. Nc3 a6 6. Bg5 e6 7. f4 Be7 8. Qf3 Nbd7 9. O-O-O Qc7 10. f5 Ne5 11. Qf4 O-O 12. Be2 b5 13. Qg3 Rd8 14. fxe6 fxe6 15. Rhf1 Kh8 16. Bf4 b4 17. Nb1 Ng6 18. Nf3 Nxe4 19. Qe1 Nxf4 20. Bd3 Nxd3+ 21. Rxd3 d5 22. Nbd2 Nxd2 23. Qxd2 Rf8 24. Re1 Qf4 25. Rde3 Bc5 26. R3e2 Qxd2+ 27. Rxd2 h6 28. Rd3 Bd6 29. g3 Bd7 0-1

[Event "Hiver/Winter op"]
[Site "Montreal CAN"]
[Date "1982.02.21"]
[Round "5"]
[White "Leimanis, Eriks"]
[Black "Gagnon, Michel"]
[Result "1-0"]
[WhiteElo "2001"]
[BlackElo "2062"]
[PlyCount "115"]
[GameId "2160767912848706"]
[EventDate "1982.02.19"]
[EventType "swiss"]
[EventRounds "5"]
[EventCountry "CAN"]
[SourceTitle "FQE 06"]

1. c4 Nf6 2. Nc3 e6 3. g3 d5 4. Bg2 Be7 5. Nf3 O-O 6. d4 c6 7. O-O Nbd7 8. b3 Re8 9. Re1 Bb4 10. Bd2 Qe7 11. e4 Bxc3 12. Bxc3 Nxe4 13. Bb2 f5 14. Qc2 Qf6 15. Re2 g5 16. Ne1 Qg6 17. f3 Nef6 18. Nd3 Nh5 19. Rae1 f4 20. g4 Ng7 21. Kf2 Qh6 22. Rh1 Qh4+ 23. Kf1 Rf8 24. Bc3 Qh6 25. h4 gxh4 26. Be1 Qg6 27. Bxh4 e5 28. dxe5 Ne6 29. Bf2 dxc4 30. Qxc4 Nb6 31. Qe4 Qxe4 32. Rxe4 Nd5 33. Rc4 Bd7 34. Nc5 Nxc5 35. Bxc5 Rfe8 36. Re4 Re6 37. Kf2 Rae8 38. Bd6 b5 39. Bf1 a6 40. Bd3 c5 41. Ree1 Ne3 42. Bxh7+ Kg7 43. Bf5 Rxd6 44. exd6 Bxf5 45. gxf5 Rd8 46. Rh4 Kf6 47. Rxf4 Nxf5 48. Rd1 Kg5 49. Re4 Nxd6 50. Rd5+ Kf6 51. Rh4 Ke6 52. Rxc5 Nf7 53. Rc6+ Ke5 54. Rxa6 Rd2+ 55. Ke3 Rd6 56. Re4+ Kf5 57. Rxd6 Nxd6 58. a4 1-0

[Event "Hiver/Winter op"]
[Site "Montreal CAN"]
[Date "1982.02.21"]
[Round "5"]
[White "Moshopoulos, Angelos"]
[Black "Morin, Louis"]
[Result "1-0"]
[WhiteElo "1881"]
[BlackElo "1925"]
[PlyCount "123"]
[GameId "2160767912848707"]
[EventDate "1982.02.19"]
[EventType "swiss"]
[EventRounds "5"]
[EventCountry "CAN"]
[SourceTitle "hb 2013"]

1. e4 e5 2. Nf3 d6 3. Be2 f5 4. d4 fxe4 5. Ng5 exd4 6. Qxd4 Nf6 7. Nxe4 Be7 8. O-O O-O 9. Nbc3 Be6 10. Ng5 Nc6 11. Qe3 Bf7 12. Bd3 d5 13. Qh3 h6 14. f4 hxg5 15. fxg5 Ne4 16. Nxe4 dxe4 17. Rxf7 Rxf7 18. g6 Bc5+ 19. Kh1 exd3 20. Qh7+ Kf8 21. Qh8+ Ke7 22. Bg5+ Kd6 23. Bxd8 Rxd8 24. Qh3 Rf6 25. Qxd3+ Ke7 26. Re1+ Re6 27. Rxe6+ Kxe6 28. Qc4+ Kf6 29. Qf7+ Kg5 30. h4+ Kh6 31. Qf4+ Kxg6 32. Qg5+ Kf7 33. Qxc5 Rd6 34. Qf5+ Ke7 35. Qc8 Nd8 36. Qxc7+ Rd7 37. Qe5+ Ne6 38. Qe3 a6 39. Qa3+ Kf7 40. Qf3+ Ke7 41. Qa3+ Kf6 42. g4 Rd1+ 43. Kh2 Rd2+ 44. Kg3 Rxc2 45. g5+ Ke5 46. Qe3+ Kd5 47. Qb3+ Rc4 48. Qxb7+ Ke5 49. Qxa6 Rc2 50. Qb5+ Rc5 51. Qe2+ Kd6 52. a4 Rc6 53. Qd3+ Ke5 54. Qe3+ Kd5 55. b4 Nd4 56. Qf2 Rc3+ 57. Kg4 Rc4 58. Qd2 g6 59. Kf4 Ke6 60. Qe3+ Kf7 61. Ke5 Nf5 62. Qb3 1-0

[Event "Jeudi soir"]
[Site "Montreal CAN"]
[Date "1982.01.14"]
[Round "1"]
[White "Richard, Daniel"]
[Black "Morin, Louis"]
[Result "1/2-1/2"]
[WhiteElo "1821"]
[BlackElo "1929"]
[PlyCount "98"]
[GameId "2160767912848885"]
[EventDate "1982.01.14"]
[EventType "tourn"]
[EventRounds "3"]
[EventCountry "CAN"]
[SourceTitle "hb 2013"]

1. e4 e5 2. Nf3 d6 3. Bc4 Be6 4. Bxe6 fxe6 5. d4 exd4 6. Nxd4 Qd7 7. Qh5+ g6 8. Qh3 e5 9. Ne6 Nc6 10. Nc3 Nd4 11. Nxd4 exd4 12. Qxd7+ Kxd7 13. Ne2 Re8 14. f3 Bg7 15. Bf4 Ne7 16. O-O-O Rhf8 17. Rd2 Nc6 18. h4 d5 19. exd5 Nb4 20. Bg5 d3 21. Nc3 h6 22. a3 Na6 23. Ne4 hxg5 24. hxg5 Rh8 25. Re1 dxc2 26. Kxc2 b6 27. b4 Nb8 28. g4 Kc8 29. d6 Rd8 30. Nf6 Rxd6 31. Rxd6 cxd6 32. Re7 Bf8 33. Rxa7 Nc6 34. Ra8+ Kb7 35. Re8 Nd4+ 36. Kd3 Nxf3 37. Ne4 Ne5+ 38. Kc3 Nf7 39. Re6 d5 40. Nf6 Nxg5 41. Re5 d4+ 42. Kc4 Nf3 43. Rd5 Bh6 44. Kb5 Rc8 45. Rd6 Rc3 46. Nd5 Rxa3 47. Rd7+ Kc8 48. Nxb6+ Kb8 49. Rd8+ Kb7 1/2-1/2

[Event "Jeudi soir"]
[Site "Montreal CAN"]
[Date "1982.01.21"]
[Round "2"]
[White "Morin, Louis"]
[Black "Roy, Guy"]
[Result "1/2-1/2"]
[WhiteElo "1929"]
[BlackElo "1927"]
[PlyCount "56"]
[GameId "2160767912848886"]
[EventDate "1982.01.14"]
[EventType "tourn"]
[EventRounds "3"]
[EventCountry "CAN"]
[SourceTitle "hb 2013"]

1. e4 d5 2. exd5 Nf6 3. c4 c6 4. dxc6 Nxc6 5. d3 e5 6. Nc3 Bf5 7. Nf3 Bb4 8. Be2 e4 9. dxe4 Qxd1+ 10. Kxd1 O-O-O+ 11. Kc2 Nxe4 12. Nxe4 Bxe4+ 13. Kb3 a5 14. Be3 Rhe8 15. Rac1 Bxf3 16. Bxf3 Nd4+ 17. Ka4 Nxf3 18. gxf3 Bd2 19. Rcd1 Bxe3 20. Rxd8+ Kxd8 21. Rd1+ Kc7 22. Re1 Rd8 23. Rxe3 Rd2 24. Re7+ Kc6 25. Rxf7 Rxb2 26. Kxa5 Rxa2+ 27. Kb4 Rxf2 28. Rxg7 Rxh2 1/2-1/2

[Event "Jeudi soir"]
[Site "Montreal CAN"]
[Date "1982.01.28"]
[Round "3"]
[White "Gnam, William"]
[Black "Morin, Louis"]
[Result "1/2-1/2"]
[WhiteElo "1858"]
[BlackElo "1929"]
[PlyCount "128"]
[GameId "2160767912848887"]
[EventDate "1982.01.14"]
[EventType "tourn"]
[EventRounds "3"]
[EventCountry "CAN"]
[SourceTitle "hb 2013"]

1. e4 e5 2. Nf3 d6 3. Nc3 c5 4. Bc4 Be6 5. Bxe6 fxe6 6. d3 Be7 7. O-O Nc6 8. Ne2 Nf6 9. Ng3 O-O 10. c3 Qd7 11. d4 exd4 12. cxd4 d5 13. exd5 exd5 14. Be3 Ng4 15. Rc1 Nxe3 16. fxe3 cxd4 17. exd4 Rac8 18. Kh1 Bd6 19. Ne2 Bb8 20. Qb3 Na5 21. Qd3 Rxc1 22. Rxc1 Nc4 23. b3 Nd6 24. Ne5 Qe6 25. Ng3 Nf7 26. Nxf7 Rxf7 27. Rf1 Rxf1+ 28. Nxf1 a6 29. Qf3 Qf7 30. Qe2 Ba7 31. Ng3 Bxd4 32. Qg4 Bc5 33. Qc8+ Bf8 34. Nf5 d4 35. Kg1 d3 36. Ne3 d2 37. Qc2 Qd7 38. Kf1 Qd4 39. Ke2 Bc5 40. Qc4+ Qxc4+ 41. Nxc4 Kf7 42. Kxd2 Ke6 43. Kd3 Bg1 44. h3 b5 45. Nd2 Kf5 46. Ne4 Kf4 47. a4 bxa4 48. bxa4 h5 49. Nd6 Kg3 50. Nf5+ Kxg2 51. Nxg7 h4 52. Ke2 Kxh3 53. Kf3 Bd4 54. Ne6 Be5 55. Ng5+ Kh2 56. Kg4 Bg3 57. Nf3+ Kg2 58. Nxh4+ Kf2 59. Nf5 Be5 60. Ne7 Bd6 61. Nc6 Ke3 62. Kf5 Kd3 63. Ke6 Bf8 64. Kd5 Kc3 1/2-1/2

[Event "June op"]
[Site "Scarborough CAN"]
[Date "1982.06.18"]
[Round "1"]
[White "Waghorn, Kevin"]
[Black "Pacey, Kevin"]
[Result "1-0"]
[WhiteElo "1891"]
[BlackElo "2056"]
[PlyCount "100"]
[GameId "2160767912848450"]
[EventDate "1982.06.18"]
[EventType "swiss"]
[EventRounds "5"]
[EventCountry "CAN"]

1. f4 e5 2. fxe5 d6 3. exd6 Bxd6 4. Nf3 Nh6 5. d4 Ng4 6. Qd3 c5 7. dxc5 Bxc5 8. Qxd8+ Kxd8 9. Nc3 Bf2+ 10. Kd1 Bb6 11. Bg5+ f6 12. Bh4 Ne3+ 13. Kc1 Bf5 14. Bf2 Nc6 15. Nh4 Be6 16. Na4 Nc4 17. Nxb6 Nxb6 18. e4 Nd7 19. Nf5 g6 20. Nd4 Nxd4 21. Bxd4 Ke7 22. Bb5 Ne5 23. Rf1 a6 24. Ba4 Rac8 25. Bb3 Bxb3 26. axb3 Rhd8 27. Bc3 Ke6 28. Ra5 Rd6 29. Rxf6+ Kxf6 30. Bxe5+ Ke6 31. Bxd6 Kxd6 32. Rd5+ Ke6 33. Kd2 Rf8 34. Ke2 Rf4 35. Ke3 Rf1 36. Rd2 Re1+ 37. Kd4 b6 38. b4 Rf1 39. c4 Rc1 40. c5 bxc5+ 41. bxc5 a5 42. h3 g5 43. g4 a4 44. Rd3 Rc2 45. Ra3 Rxb2 46. Rxa4 Rd2+ 47. Kc3 Rd7 48. Ra6+ Ke5 49. Rh6 Kxe4 50. c6 Rc7 1-0

[Event "June op"]
[Site "Scarborough CAN"]
[Date "1982.06.19"]
[Round "2"]
[White "Pacey, Kevin"]
[Black "Mian, Muhammad"]
[Result "1/2-1/2"]
[WhiteElo "2056"]
[BlackElo "1873"]
[PlyCount "75"]
[GameId "2160767912848451"]
[EventDate "1982.06.18"]
[EventType "swiss"]
[EventRounds "5"]
[EventCountry "CAN"]

1. e4 e6 2. d4 d5 3. Nc3 a6 4. Nf3 h6 5. Bd3 Nf6 6. O-O dxe4 7. Nxe4 Be7 8. Qe2 Nbd7 9. b3 b6 10. Bb2 Bb7 11. c4 Kf8 12. Rad1 Qe8 13. Nxf6 Nxf6 14. Ne5 h5 15. Bc2 Rd8 16. Bc1 h4 17. h3 Bd6 18. Bg5 Be7 19. Bxf6 Bxf6 20. Be4 Bxe4 21. Qxe4 Rh5 22. Ng4 Qe7 23. Ne3 g6 24. d5 Rd6 25. dxe6 Rxe6 26. Qa8+ Kg7 27. Nd5 Qc5 28. Nf4 Rhe5 29. Nxe6+ Rxe6 30. Qf3 Bd4 31. Qd5 Qxd5 32. cxd5 Re4 33. Rde1 Rf4 34. Re7 Rf5 35. Rxc7 Rxd5 36. Re1 Bc5 37. Rc1 Rd2 38. R1xc5 1/2-1/2